Đề cương bài giảng kinh tế chính trị Mác - Lênin /

Đã lưu trong:
书目详细资料
其他作者: Dương Thị Việt, Hà Thanh Minh., Lê Trung Tuyến., Nguyễn Chí Hải., Nguyễn Tiến Dũng, Nguyễn Văn Bảng., Nguyễn Văn Luân (chủ biên.), Nguyễn Văn Trình., Phạm Thị Hạ Nguyên.
格式: Sách giấy
语言:Vietnamese
出版: Tp.HCM : Đại học Quốc gia, 2005.
版:Tái bản lần thứ nhất, có sửa chữa và bổ sung
主题:
标签: 添加标签
没有标签, 成为第一个标记此记录!
Thư viện lưu trữ: Thư viện Trường Đại học Đà Lạt
LEADER 01156nam a2200385 4500
001 DLU080062641
005 ##20080606
040 # # |a DLU  |b vie 
041 # # |a vie 
044 # # |a vn 
082 # # |a 335.412  |b Dec 
245 # # |a Đề cương bài giảng kinh tế chính trị Mác - Lênin /  |c Nguyễn Văn Luân chủ biên, ... [và những người khác]. 
250 # # |a Tái bản lần thứ nhất, có sửa chữa và bổ sung 
260 # # |a Tp.HCM :  |b Đại học Quốc gia,  |c 2005. 
300 # # |a 356 tr. ;  |c 21 cm. 
650 # # |a Kinh tế học Mác - Lênin  |v Giáo trình. 
700 # # |a Dương Thị Việt 
700 # # |a Hà Thanh Minh. 
700 # # |a Lê Trung Tuyến. 
700 # # |a Nguyễn Chí Hải. 
700 # # |a Nguyễn Tiến Dũng 
700 # # |a Nguyễn Văn Bảng. 
700 # # |a Nguyễn Văn Luân,  |e chủ biên. 
700 # # |a Nguyễn Văn Trình. 
700 # # |a Phạm Thị Hạ Nguyên. 
923 # # |a 06/2008 
992 # # |a 16000 
994 # # |a DLU 
900 # # |a True 
911 # # |a Đào Thị Thu Huyền 
925 # # |a G 
926 # # |a A 
927 # # |a SH 
980 # # |a Thư viện Trường Đại học Đà Lạt